| 000 | 00631nam a22002177a 4500 | ||
|---|---|---|---|
| 001 | 00028298 | ||
| 005 | 20260224164206.0 | ||
| 008 | 260224b ag ||||| |||| 00| 0 spa d | ||
| 020 | _a9561316692 | ||
| 040 |
_aAR-CcCEOS _bspa _cAR-CcCEOS |
||
| 041 | _aspa | ||
| 080 | _a820-3 | ||
| 090 | _bLEWl | ||
| 100 | 1 |
_aLewis, C. S. _q(Clive Staples), _d1898-1963 _9608 |
|
| 245 |
_aLas crónicas de Narnia : _bEl león, la bruja y el ropero / _cC. S. Lewis |
||
| 250 | _a1a ed. | ||
| 260 |
_aArgentina : _bAndres Bello, _c2000. |
||
| 300 |
_a199 p. ; _c18x11 cm. |
||
| 655 | 0 |
_aliteratura infantil y juvenil _978 |
|
| 942 |
_2udc _cBK _n0 |
||
| 999 |
_c28316 _d28316 |
||